[Event "Challenge"]
[Site "http://www.queenalice.com/game.php?id=58668"]
[Date "2006.3.22"]
[Round "-"]
[White "patrick"]
[Black "jchristoph"]
[Result "0-1"]
[WhiteElo "1051"]
[BlackElo "1030"]

1. g3 d5 2. Nf3 d4 3. e3 Qd6 4. Nxd4 c5 5. Nb5 Qc6 6. a4 a6 7. N5c3 Qxh1 8. f3
Qxh2 9. Ne4 c4 10. Qe2 Qh6 11. Qxc4 Kd8 12. Qd4+ Nd7 13. Nc5 e5 14. Qd5 Bxc5 15.
Qxf7 Ngf6 16. d4 Bb4+ 17. c3 Ba5 18. b4 Rf8 19. Qe6 Re8 20. Qf7 Bc7 21. Na3 a5
22. bxa5 Rxa5 23. Nc4 Rf8 24. Qe6 Ra6 25. Qf5 b5 26. Nb2 Ba5 27. Bxb5 Bxc3+ 28.
Ke2 Qh2+ 29. Kd3 Bxb2 30. Ra2 g6 31. Qg5 e4+ 32. fxe4 Rg8 33. e5 h6 34. Qh4 Qg1
35. Bxb2 Qd1+ 36. Kc3 Qe1+ 37. Kc2 Qf2+ 38. Kd3 Qf5+ 39. e4 Qf3+ 40. Kc4 Qe2+
41. Kc3 Ra7 42. exf6 Rc7+ 43. Kb4 Qe1+ 44. Bc3 Rxc3 45. f7+ g5 46. Qxh6 Rxg3+
47. Kc4 Qc1+ 48. Kd5 Bb7+ 49. Kd6 Qc7+ 50. Ke6 Nf8+ 51. Kf5 Rf3+ 52. Kg4 Qf4+
53. Kh5 Rh3# 0-1

[Event "Challenge"]
[Site "http://www.queenalice.com/game.php?id=58771"]
[Date "2006.3.22"]
[Round "-"]
[White "dmilan"]
[Black "jchristoph"]
[Result "1-0"]
[WhiteElo "1447"]
[BlackElo "1247"]

1. e4 d5 2. e5 d4 3. Nf3 e6 4. d3 Bb4+ 5. Bd2 Be7 6. Be2 a5 7. O-O f6 8. Na3
fxe5 9. Nxe5 Bd6 10. Nf3 Nf6 11. Nc4 Bc5 12. c3 dxc3 13. Bxc3 a4 14. a3 b5 15.
Nce5 Bb7 16. d4 Bb6 17. Bb4 Nh5 18. Bxb5+ c6 19. Bc4 Ba6 20. Bxa6 Nxa6 21. Qd2
Rf8 22. Bxf8 Kxf8 23. Nxc6 Qd5 24. Nb4 Qe4 25. Ng5 Qg4 26. Nxa6 Rxa6 27. Qb4+
Ke8 28. Qb5+ Kd8 29. Qxa6 Kc7 30. Rac1+ Kd6 31. Qxb6+ Ke7 32. Rc7+ Kf6 33. Nxh7+
Kg6 34. Nf8+ 1-0

[Event "Challenge"]
[Site "http://www.queenalice.com/game.php?id=59931"]
[Date "2006.3.27"]
[Round "-"]
[White "jchristoph"]
[Black "gilou"]
[Result "0-1"]
[WhiteElo "1100"]
[BlackElo "1360"]

1. c3 e5 2. Nf3 Bc5 3. d4 exd4 4. cxd4 Bb6 5. Qa4 Nf6 6. Qb3 O-O 7. d5 Ne4 8.
Bg5 f6 9. d6+ Rf7 10. dxc7 Bxc7 11. Bh4 Ba5+ 12. Kd1 Nxf2+ 13. Bxf2 Qe7 14. e3
b6 15. Qc4 Qd6+ 16. Bd3 Bb7 17. Bg3 b5 18. Qxb5 Qb4 19. Qh5 h6 20. Bg6 Re7 21.
Be1 Qd6+ 22. Nbd2 Nc6 23. Qb5 Rb8 24. Qc4+ Re6 25. Bg3 Ne5 26. Nxe5 Qxd2# 0-1

[Event "Challenge"]
[Site "http://www.queenalice.com/game.php?id=60004"]
[Date "2006.3.28"]
[Round "-"]
[White "jchristoph"]
[Black "waltc"]
[Result "0-1"]
[WhiteElo "1237"]
[BlackElo "1796"]

1. e4 e5 2. Nf3 Nc6 3. Qe2 Nf6 4. g3 Bc5 5. Qc4 d6 6. Nc3 Ng4 7. Qd5 Bxf2+ 8.
Ke2 Be6 9. Qd3 Bb6 10. h3 Nf6 11. Ng5 O-O 12. g4 d5 13. exd5 Bxd5 14. Rh2 e4 15.
Qb5 Nd4+ 16. Kd1 Nxb5 17. Nxb5 h6 18. Nxf7 Rxf7 19. Be2 a6 20. Na3 e3 21. c4 Be4
22. h4 Rd7 23. d3 Bxd3 24. Bxd3 Rxd3+ 25. Ke2 Rd2+ 26. Bxd2 Qxd2+ 27. Kf3 Qxh2
28. Rf1 e2 29. Re1 Qf2# 0-1

[Event "Let's Play Chess!"]
[Site "http://www.queenalice.com/game.php?id=61541"]
[Date "2006.4.5"]
[Round "-"]
[White "jchristoph"]
[Black "laskera"]
[Result "1-0"]
[WhiteElo "1261"]
[BlackElo "1381"]

1. d4 e6 2. Nf3 d5 3. e3 Bd7 4. Ne5 f6 5. Qh5+ g6 6. Nxg6 hxg6 7. Qxh8 Ne7 8.
Qxf6 Nbc6 9. Bd3 Qc8 10. h4 Nb4 11. Be2 Nxc2+ 12. Kf1 Nxa1 13. Bg4 Nc2 14. h5
Nf5 15. Qxg6+ Kd8 16. e4 Be8 17. Qg8 Be7 18. h6 Nxh6 19. Rxh6 Nxd4 20. Rh8 Kd7
21. exd5 c5 22. dxe6+ Kd6 23. Bf4+ Kc6 24. Qg7 Bd6 25. Bf3+ Nxf3 26. Be3 Ne5 27.
e7 Qd7 28. f4 Nc4 29. Bc1 Qxe7 30. Qc3 Nb6 31. Na3 Bd7 32. Rh3 Bxh3 33. gxh3 Rf8
34. Qf3+ Kc7 35. Nb5+ Kb8 36. Qd3 Bxf4 37. Qc3 Bxc1+ 38. Kg2 Qg5+ 39. Qg3+ Qxg3+
40. Kxg3 Bxb2 41. h4 a6 42. Nd6 Be5+ 43. Kg4 Bxd6 44. h5 Nd5 45. h6 Rg8+ 46. Kf5
Ne7+ 47. Ke6 Rg6+ 48. Kf7 Rxh6 49. Kf8 1-0

[Event "Let's Play Chess!"]
[Site "http://www.queenalice.com/game.php?id=61542"]
[Date "2006.4.5"]
[Round "-"]
[White "jchristoph"]
[Black "Edgar"]
[Result "0-1"]
[WhiteElo "1237"]
[BlackElo "1799"]

1. d3 d5 2. Nf3 Nc6 3. d4 Bf5 4. c4 dxc4 5. Qa4 Bd7 6. Qxc4 Nf6 7. e3 e6 8. g3
Bb4+ 9. Nbd2 O-O 10. a3 Bd6 11. a4 e5 12. dxe5 Nxe5 13. Nh4 Nxc4 14. Nxc4 Bb4+
15. Ke2 g5 16. h3 gxh4 17. gxh4 Bc6 18. Rh2 Ne4 19. Rg2+ Kh8 20. a5 Rg8 21. Rh2
Qxh4 22. Ne5 Qh5+ 23. f3 Qxe5 24. Rh1 Ng3+ 25. Kf2 Nxh1+ 26. Ke2 Rad8 27. e4
Bb5+ 28. Ke3 Bc5# 0-1

[Event "Challenge"]
[Site "http://www.queenalice.com/game.php?id=61552"]
[Date "2006.4.5"]
[Round "-"]
[White "Chessmachado"]
[Black "jchristoph"]
[Result "1-0"]
[WhiteElo "1440"]
[BlackElo "1294"]

1. e4 Nc6 2. d4 h5 3. Be2 a6 4. Be3 d5 5. Nc3 g6 6. Nxd5 e5 7. Nf3 Bb4+ 8. Nxb4
Nxb4 9. Nxe5 f6 10. Nd3 Nc6 11. d5 Na5 12. f4 Nc4 13. Bf2 Rh7 14. b3 Na3 15. c4
Nxc4 16. bxc4 Re7 17. Bf3 f5 18. e5 c6 19. Bh4 Qa5+ 20. Qd2 Qa3 21. Bxe7 Nxe7
22. O-O Qa4 23. Qb4 Qc2 24. Qb3 Qxb3 25. axb3 b5 26. d6 Ng8 27. Bxc6+ Kf7 28.
Bxa8 h4 29. Bd5+ Kf8 30. c5 Nh6 31. h3 Nf7 32. Rfe1 Nd8 33. e6 b4 34. e7+ Ke8
35. Nxb4 g5 36. Nc6 Nb7 37. b4 gxf4 38. Be6 Bd7 39. Nb8 Bb5 40. Bxf5 Kf7 41. Bd7
Bd3 42. e8=Q+ Kg7 43. Qe5+ Kg6 44. Qxf4 Bb5 45. Re6+ Kg7 46. Qf6+ Kg8 47. Re8+
Kh7 48. Bf5# 1-0

[Event "Challenge"]
[Site "http://www.queenalice.com/game.php?id=63531"]
[Date "2006.4.15"]
[Round "-"]
[White "patrick"]
[Black "jchristoph"]
[Result "0-1"]
[WhiteElo "1092"]
[BlackElo "1237"]

1. g3 b6 2. Bg2 c6 3. d4 e6 4. b3 e5 5. c3 exd4 6. Qxd4 Bc5 7. Qe4+ Ne7 8. Bf4
d5 9. Qf3 Na6 10. c4 Bb4+ 11. Nc3 dxc4 12. Rd1 Bd7 13. Rd2 cxb3 14. Bh3 f5 15.
g4 bxa2 16. Nxa2 Nc5 17. Nxb4 Ne4 18. Be5 Nxd2 19. Kxd2 Be6+ 20. Nd3 b5 21. gxf5
Qa5+ 22. Bc3 Qa2+ 23. Nb2 Bd5 24. e4 Bb3 25. f6 Rd8+ 26. Ke3 gxf6 27. Qh5+ Bf7
28. Qh6 Qb3 29. Ne2 b4 30. Qxf6 Rg8 31. Nd4 Qxc3+ 32. Nd3 Bc4 33. Nf5 Qxf6 34.
e5 Rxd3+ 35. Ke4 Qe6 36. Bf1 Qxf5# 0-1

[Event "Challenge"]
[Site "http://www.queenalice.com/game.php?id=65769"]
[Date "2006.4.28"]
[Round "-"]
[White "jocachess"]
[Black "jchristoph"]
[Result "1-0"]
[WhiteElo "1364"]
[BlackElo "1266"]

1. e4 b6 2. Nf3 Bb7 3. Nc3 g6 4. d4 c5 5. d5 d6 6. Bb5+ Nc6 7. Bxc6+ Bxc6 8.
dxc6 f5 9. O-O Qc7 10. Bg5 Qxc6 11. Qd5 Qd7 12. Qxa8+ Qd8 13. Qxd8+ Kxd8 14. e5
h6 15. Be3 g5 16. Nd5 dxe5 17. Nxe5 Rh7 18. Nc6+ Kd7 19. Nxa7 g4 20. f3 h5 21.
Nxb6+ Kc7 22. Bxc5 gxf3 23. Rxf3 Rf7 24. Re1 Bh6 25. Rd3 Nf6 26. Nd5+ Kd7 27.
Nxf6+ Kc7 28. Nd5+ Kb8 29. Nc6+ Kb7 30. Ncxe7 f4 31. Rb3+ Ka6 32. Re4 Ka5 33.
Ra3+ Kb5 34. Rc3 f3 35. Rb4+ Ka6 36. Ra3# 1-0

[Event "Let's Play Chess!"]
[Site "http://www.queenalice.com/game.php?id=69842"]
[Date "2006.5.19"]
[Round "-"]
[White "jchristoph"]
[Black "CarlosCapaDuarte"]
[Result "0-1"]
[WhiteElo "1261"]
[BlackElo "1717"]

1. d4 Nf6 2. Nf3 e6 3. e3 c5 4. dxc5 Bxc5 5. Ne5 d5 6. Bb5+ Bd7 7. Be2 Nc6 8.
Nf3 O-O 9. h4 Rc8 10. Bd3 e5 11. h5 e4 12. Ng5 exd3 13. Qxd3 Ne5 14. Qc3 Qe7 15.
h6 Bb4 16. Bd2 Bxc3 17. Bxc3 Rfe8 18. a3 Neg4 19. Bb4 Qe5 20. c3 Qxg5 21. hxg7
Nxe3 22. fxe3 Qxe3+ 23. Kd1 Ba4+ 24. b3 Bxb3# 0-1

[Event "Let's Play Chess!"]
[Site "http://www.queenalice.com/game.php?id=69843"]
[Date "2006.5.18"]
[Round "-"]
[White "jchristoph"]
[Black "Lapicida"]
[Result "0-1"]
[WhiteElo "1298"]
[BlackElo "1374"]

1. d4 Nf6 2. g3 d5 3. c3 g6 4. e3 Bg7 5. Bb5+ Nbd7 6. c4 O-O 7. cxd5 Nxd5 8. h4
c6 9. Bd3 e5 10. a4 Re8 11. Rh3 exd4 12. h5 Ne5 13. Be4 Bxh3 14. Nxh3 Nc4 15.
Qxd4 Bxd4 16. exd4 Rxe4+ 17. Kf1 Nf6 18. hxg6 hxg6 19. b3 Qxd4 20. Ra2 Ne5 21.
Rd2 Qa1 22. Rb2 Rd8 23. f3 Nxf3 24. Kf2 Qxb1 25. Rxb1 Nd2 26. Rb2 Ng4+ 27. Kg2
Re2+ 28. Nf2 Rxf2+ 29. Kh3 f5 30. Kh4 Kh7 31. Rc2 Kh6 32. Bxd2+ Rdxd2 33. Rxd2
Rxd2 34. Kh3 Rh2# 0-1

[Event "gillou"]
[Site "http://www.queenalice.com/game.php?id=69846"]
[Date "2006.5.19"]
[Round "-"]
[White "jchristoph"]
[Black "patrick"]
[Result "0-1"]
[WhiteElo "1277"]
[BlackElo "1196"]

1. b4 g6 2. g3 Bg7 3. c3 b6 4. Bg2 c6 5. a4 d5 6. d4 h5 7. b5 a6 8. bxc6 Ra7 9.
Bf4 Nxc6 10. e4 h4 11. exd5 Na5 12. d6 Bb7 13. dxe7 Qxe7+ 14. Kf1 Nf6 15. gxh4
Rxh4 16. Qd2 Rg4 17. f3 Rh4 18. h3 Nb3 19. Qb2 Bd5 20. Bb8 Nh5 21. Ra3 Bc4+ 22.
Ne2 Nf4 23. Bxa7 Qxe2+ 24. Qxe2+ Nxe2 25. Bxb6 Ng3+ 26. Kf2 Nf5 27. Re1+ Kd7 28.
Bf1 Nd6 29. a5 Nf5 30. Bxc4 Nbxd4 31. cxd4 Bxd4+ 32. Kf1 Rxh3 33. Rb3 Ng3+ 34.
Kg2 Rh5 35. Kxg3 Be5+ 36. Kf2 f6 37. Rd1+ Kc6 38. Bxa6 Bd6 39. Rc1+ Kd7 40. Bc8+
Ke7 41. Re3+ Re5 0-1

[Event "Challenge"]
[Site "http://www.queenalice.com/game.php?id=151047"]
[Date "2007.1.7"]
[Round "-"]
[White "patrick"]
[Black "jchristoph"]
[Result "0-1"]
[WhiteElo "1362"]
[BlackElo "1200"]

1. g3 b6 2. h4 Bb7 3. Rh2 Nh6 4. Bg2 c6 5. d4 Ng4 6. Nf3 c5 7. dxc5 Nxh2 8. b4
Nxf3+ 9. Bxf3 Qc7 10. Nc3 bxc5 11. Nb5 Qb6 12. a4 a6 13. Nc3 cxb4 14. Rb1 Ra7
15. Ne4 a5 16. Bf4 Na6 17. Bg4 Bxe4 18. f3 Bc6 19. c4 h5 20. Bf5 e6 21. Be4 Bc5
22. Rb2 Bf2+ 23. Kf1 Bd4 24. Rd2 Bc3 25. Rd6 f5 26. Bxc6 dxc6 27. Rxe6+ Re7 28.
Rd6 b3 29. Qb1 b2 30. Qxf5 b1=B 31. Qc8+ Kf7 32. Qxh8 Bg6 33. Bg5 Qb1+ 34. Kg2
Rxe2+ 35. Kh3 Qh1# 0-1

[Event "Challenge"]
[Site "http://www.queenalice.com/game.php?id=156821"]
[Date "2007.1.20"]
[Round "-"]
[White "Roger_Moore"]
[Black "jchristoph"]
[Result "0-1"]
[WhiteElo "1492"]
[BlackElo "1228"]

1. e4 c6 2. d3 Qa5+ 3. c3 e5 4. Qf3 h5 5. Nh3 d5 6. b4 Qa6 7. d4 exd4 8. Bxa6
bxa6 9. exd5 Bg4 10. Qe4+ Be7 11. dxc6 Nf6 12. Qxd4 Nxc6 13. Qd3 Rd8 0-1

[Event "Challenge"]
[Site "http://www.queenalice.com/game.php?id=460767"]
[Date "2008.9.9"]
[Round "-"]
[White "jchristoph"]
[Black "gustavo25"]
[Result "0-1"]
[WhiteElo "1260"]
[BlackElo "1202"]

1. g3 e5 2. d3 a5 3. h4 Qf6 4. Bg5 Qc6 5. f3 f6 6. Be3 Na6 7. Qd2 Nb4 8. c3 Nd5
9. Bf2 a4 10. c4 b5 11. cxd5 Qxd5 12. e4 Qc6 13. Nc3 d6 14. Rc1 Qb7 15. Nd5 c6
16. Nb4 a3 17. Nxc6 b4 18. Nxb4 Ra4 19. Nd5 axb2 20. Nc7+ Ke7 0-1